000 00473nam a22001337a 4500
005 20241023093420.0
008 241023b |||||||| |||| 00| 0 eng d
100 _aTesta, Bernard.
_eauthor.
_963366
245 _aCook magazine's 9th k-pop holiday bash /
_cBernard Testa.
260 _aPhilippines;
_bPhilippine Graphic Publishing Inc.,
_cJanuary 2020.
300 _aVolume 20, pages 62-67,
_billustration.
700 _aTesta, Bernard.
_eauthor.
_963367
942 _2ddc
_cPER
999 _c22840
_d22840